The unexpected guest; (Record no. 530803)

000 -LEADER
fixed length control field 00502cam a22001811 4500
001 - CONTROL NUMBER
control field 14064223
005 - DATE AND TIME OF LATEST TRANSACTION
control field 20191014180441.0
008 - FIXED-LENGTH DATA ELEMENTS--GENERAL INFORMATION
fixed length control field 050804s1958 enka 000 0 eng
010 ## - LIBRARY OF CONGRESS CONTROL NUMBER
LC control number 60030287
040 ## - CATALOGING SOURCE
Original cataloging agency DLC
Transcribing agency DLC
Modifying agency DLC
082 ## - DEWEY DECIMAL CLASSIFICATION NUMBER
Classification number 823.912
Author Mark CHR
100 1# - MAIN ENTRY--PERSONAL NAME
Personal name Christie, Agatha,
Dates associated with a name 1890-1976.
9 (RLIN) 2976
245 14 - TITLE STATEMENT
Title The unexpected guest;
Remainder of title a play in two acts.
260 ## - PUBLICATION, DISTRIBUTION, ETC.
Place of publication, distribution, etc. London,
Name of publisher, distributor, etc. French
Date of publication, distribution, etc. [c1958]
300 ## - PHYSICAL DESCRIPTION
Extent 74 p.
Other physical details illus.
Dimensions 22 cm.
490 0# - SERIES STATEMENT
Series statement French's acting edition
942 ## - ADDED ENTRY ELEMENTS (KOHA)
Source of classification or shelving scheme
Koha item type Book
Holdings
Withdrawn status Lost status Source of classification or shelving scheme Damaged status Not for loan Permanent Location Current Location Date acquired Total Checkouts Full call number Barcode Date last seen Date last checked out Price effective from Koha item type
          School of Civil and Environmental Engineering (SCEE) School of Civil and Environmental Engineering (SCEE) 10/14/2019 1 823.912 CHR NIT-9344 11/04/2019 10/14/2019 10/14/2019 Book
© 2023 Central Library, National University of Sciences and Technology. All Rights Reserved.